El coronel no tiene quien le escriba

Zapisane w:
Opis bibliograficzny
1. autor: García Márquez, Gabriel (Autor)
Format: Książka
Język:hiszpański
Wydane: Barcelona Bruguera 1980
Wydanie:1a. ed
Seria:Club Bruguera,24
Hasła przedmiotowe:
Etykiety: Dodaj etykietę
Nie ma etykietki, Dołącz pierwszą etykiete!

MARC

LEADER 00000nam a2200000 a 4500
001 UCH7003
003 CL-VaPUC
008 091109e19800000SP |||||||||||||||||spa|d
020 |a 8402072070 
082 0 4 |a Co863  |b GAR  |2 21 
100 0 |a García Márquez, Gabriel  |e author  |9 318478 
245 1 3 |a El coronel no tiene quien le escriba 
250 |a 1a. ed 
300 |a 144 p 
942 |c BK 
945 |d 20091109 00:00:00  |a lazolas 
260 |a Barcelona  |b Bruguera  |c 1980 
650 0 |a Novelas colombianas  |9 266734 
583 |a last modification  |c 20091109 00:00:00  |k Rodrigo Vera 
490 0 |a Club Bruguera,24 
999 |c 337775  |d 337773